[Event "Sofia MGU blitz 19th"]
[Site "Sofia"]
[Date "2018.02.04"]
[Round "5"]
[White "Ganev, Daniel"]
[Black "Babatov, Martin"]
[Result "0-1"]
[WhiteElo "1600"]
[BlackElo "1746"]
[PlyCount "120"]
[EventDate "2018.02.04"]
[EventType "tourn (blitz)"]
[EventRounds "15"]
[EventCountry "BUL"]
[SourceTitle "CBM 182 Extra"]
[Source "ChessBase"]
[SourceDate "2018.02.23"]
[SourceVersion "1"]
[SourceVersionDate "2018.02.23"]
[SourceQuality "1"]

1. e4 c6 2. d4 d5 3. e5 Bf5 4. Bd3 Bxd3 5. cxd3 e6 6. Nf3 Ne7 7. Be3 Nf5 8. Nc3 Be7 9. 0-0 0-0 10. Qb3 Qb6 11. Qxb6 axb6 12. a3 Nd7 13. g4 Nh4 14. Nxh4 Bxh4 15. Rac1 Be7 16. f4 Ra7 17. Rc2 h6 18. f5 Raa8 19. Rcf2 Bg5 20. Bxg5 hxg5 21. Kg2 Kh7 22. Kg3 Kg8 23. h4 gxh4+ 24. Kxh4 c5 25. fxe6 fxe6 26. Rxf8+ Rxf8 27. Rxf8+ Kxf8 28. Nb5 cxd4 29. Nxd4 Nxe5 30. Nxe6+ Kf7 31. Nf4 Ng6+ 32. Nxg6 Kxg6 33. Kg3 Kg5 34. Kf3 d4 35. a4 Kh4 36. Kf4 g6 37. g5 Kh5 38. b3 Kh4 39. b4 Kh5 40. a5 bxa5 41. bxa5 Kh4 42. Ke4 Kxg5 43. Kxd4 Kf4 44. Kc4 g5 45. d4 g4 46. d5 Ke5 47. Kc5 g3 48. Kb6 g2 49. Kxb7 Kxd5 50. a6 g1Q 51. a7 Qb1+ 52. Ka8 Qa2 53. Kb7 Qb3+ 54. Ka8 Qa4 55. Kb7 Qb5+ 56. Ka8 Qa5 57. Kb8 Kd6 58. Ka8 Kc6 59. Kb8 Qc7+ 60. Ka8 Qb7# 0-1

[Event "Sofia MGU blitz 19th"]
[Site "Sofia"]
[Date "2018.02.04"]
[Round "15"]
[White "Ganev, Daniel"]
[Black "Babatov, Martin"]
[Result "1-0"]
[WhiteElo "1600"]
[BlackElo "1746"]
[PlyCount "47"]
[EventDate "2018.02.04"]
[EventType "tourn (blitz)"]
[EventRounds "15"]
[EventCountry "BUL"]
[SourceTitle "CBM 182 Extra"]
[Source "ChessBase"]
[SourceDate "2018.02.23"]
[SourceVersion "1"]
[SourceVersionDate "2018.02.23"]
[SourceQuality "1"]

1. d4 c6 2. c4 d5 3. e3 Bf5 4. Qb3 Qb6 5. Qxb6 axb6 6. cxd5 Bxb1 7. Rxb1 Rxa2 8. dxc6 bxc6 9. Bc4 Ra7 10. Nf3 e6 11. 0-0 Nf6 12. Ne5 c5 13. Bb5+ Nbd7 14. dxc5 Bxc5 15. Rd1 Rc7 16. b4 Be7 17. Nxd7 Nxd7 18. e4 Kd8 19. Ra1 Rxc1 20. Ra8+ Kc7 21. Rxc1+ Kb7 22. Rxh8 Bxb4 23. Bxd7 e5 24. h3 1-0